Design history and the history of design

Αποθηκεύτηκε σε:
Λεπτομέρειες βιβλιογραφικής εγγραφής
Κύριος συγγραφέας: Walker, John Albert, 1938-
Άλλοι συγγραφείς: Attfield, Judy
Μορφή: Βιβλίο
Γλώσσα:English
Δημοσίευση: London : Pluto Press, c1989
Θέματα:
Ετικέτες: Προσθήκη ετικέτας
Δεν υπάρχουν, Καταχωρήστε ετικέτα πρώτοι!

MARC

LEADER 00000nam a2200000 i 4500
001 1/9667
008 000823s1989 eng d
020 |a 0-7453-0522-9 
035 |l 10063151 
040 |a GR-MY-UA  |b gre  |e aacr 
041 0 |a eng 
082 0 |a 745.4  |2 (21) 
100 1 |a Walker, John Albert,   |d 1938- 
245 1 0 |a Design history and the history of design /  |c John A. Walker ; with a contribution by Judy Attfield 
260 |a London :   |b Pluto Press,   |c c1989 
300 |a xii, 243 σ.  |b 23 εκ. 
504 |a Βιβλιογραφία: σ. 226-235. Ευρετήριο 
650 0 0 |a Design  |x Historiography. 
650 0 0 |a Decoration and ornament  |x History. 
700 1 |a Attfield, Judy. 
852 |a INST  |b SAMOS  |e 20000823  |h 745.4 WAL  |p 005300015212  |q 005300015212  |t BK  |y 23 
852 |a INST  |b SAMOS  |e 20000823  |h 745.4 WAL  |p 005300015213  |q 005300015213  |t BK  |y 0 
852 |a INST  |b SYROS  |e 20000823  |h 745.4 WAL  |p 005500000500  |q 005500000500  |t BK  |y 0 
901 |a BIBL3-2000-2 
909 |a Σ  |b 067851 
909 |a Σ  |b 067850 
909 |a Ε  |b 067852 
922 |a 3ΕΛΗ  |b 200002  |c ΤΠΕΣ/ΠΟΛ  |d LEADER 
922 |a 5ΕΛΗ  |b 200002  |c ΤΠΕΣ/ΠΟΛ  |d LEADER 
970 |a ΜΑΛΑΓΑΡΗ  |b ΦΩΤΕΙΝΗ  |z 2000/08/23